000 00315nam a22001097a 4500
008 170105b xxu||||| |||| 00| 0 eng d
020 _a9781582559940
041 _aeng
080 _211TH
_a618.2
245 _aTEXTBOOK OF MEDICAL-SURGICAL NURSING
_cSMALTZER, A & BARE, B.G & HINKLE, J.L & CHEEVER, K.H
942 _2udc
_cBK
999 _c2563
_d2563